000 01364nam0a2200349 4500
001 RU\NLR\BIBL_A\012593394
005 20211014153642.0
010 _a978-5-9922-3256-1
_92000
021 _aRU
_bКН-П-21-032084
_9КН-П-21-2493
035 _a(NLR Aleph) 012593394
090 _a12559507
_c12559507
100 _a20210909d2021 u y0rusy50 ca
101 0 _arus
102 _aRU
105 _aa z 000ay
181 0 _ai
_baxxe
182 0 _an
200 1 _aКухарка для дракона
_eроман
_fВероника Ягушинская
_gхудожник: Л. Клепакова
203 _aТекст
_bвизуальный
_cнепосредственный
210 _aМосква
_cАрмада & Альфа-Книга
_d2021
215 _a279, [3] с.
_cил.
_d21
225 1 _aРомантическая фантастика
_vвып. 614
225 1 _aФэнтези
_iЛюбовный роман
_iПриключения
333 _a16+
686 2 _aШ6(2=Р)8-445
700 1 _aЯгушинская
_bВ.
_gВероника
702 1 _4040
_7ca
_8rus
_aКлепакова
_bЛ.
_cхудожник-иллюстратор
_f1973-
_gЛариса
_983295
_3RU\NLR\AUTH\77100369
942 _cBOOK
980 _aNB